Country Pairs With Same Two Letters - Statistics

General Stats
  • This quiz has been taken 2,218 times
  • The average score is 16 of 20
Answer Stats
First Country Other Country % Correct
Australia Austria
99%
Slovakia Slovenia
99%
Indonesia India
98%
Dominica Dominican Republic
95%
Algeria Albania
84%
Japan Jamaica
84%
Finland Fiji
83%
Georgia Germany
82%
Vatican City Vanuatu
82%
North Korea Norway
81%
Poland Portugal
80%
Nauru Namibia
79%
Togo Tonga
79%
Gabon Gambia
76%
Brunei Brazil
75%
Laos Latvia
74%
Lesotho Lebanon
74%
Grenada Greece
73%
Suriname Sudan
68%
Sierra Leone Singapore
62%
No matching quizzes found
Score Distribution
Percent of People with Each Score
Percentile by Number Answered
Your Score History
You have not taken this quiz